Southville International School and Colleges
Your cart is empty.
  • Cart
  • Lists
    Public lists Eva Luna New books Lux_list list_1
    Your lists Log in to create your own lists
  • Log in to your account
  • Your cookies
  • Search history
Southville International School and Colleges
  • Advanced search
  • Recent comments
  • Most popular
  • Libraries

Log in to your account

Log in with GOOGLE


If you do not have an external account, but do have a local account, you can still log in:

  1. Home
  2. MARC view: Old man and the turnip (The) /
Normal view MARC view ISBD view

Old man and the turnip (The) / (Record no. 111638)

[ view plain ]
MARC details
000 -LEADER
fixed length control field 00498nam a2200181 a 4500
001 - CONTROL NUMBER
control field 2421
005 - DATE AND TIME OF LATEST TRANSACTION
control field 20140414131919.0
008 - FIXED-LENGTH DATA ELEMENTS--GENERAL INFORMATION
fixed length control field 050601s19uu xx 00 eng d
020 ## - INTERNATIONAL STANDARD BOOK NUMBER
International Standard Book Number 0-86163-958-8
050 ## - LIBRARY OF CONGRESS CALL NUMBER
Classification number ER
Item number Ol1 1999
245 ## - TITLE STATEMENT
Title Old man and the turnip (The) /
Statement of responsibility, etc illustrated by Maureen Bradley.
260 ## - PUBLICATION, DISTRIBUTION, ETC. (IMPRINT)
Place of publication, distribution, etc London :
Name of publisher, distributor, etc Award Pub.,
Date of publication, distribution, etc 1999.
300 ## - PHYSICAL DESCRIPTION
Extent 27 p. : ill. ; cm.
440 ## - SERIES STATEMENT/ADDED ENTRY--TITLE
Title A Read Aloud Book
650 ## - SUBJECT ADDED ENTRY--TOPICAL TERM
Topical term or geographic name as entry element Plants
General subdivision Fiction.
650 ## - SUBJECT ADDED ENTRY--TOPICAL TERM
Topical term or geographic name as entry element Children stories.
Holdings
Withdrawn status Lost status Damaged status Use restrictions Home library Current library Shelving location Date acquired Source of acquisition Total Checkouts Full call number Barcode Date last seen Price effective from Koha item type
        Munich Library Munich Library Easy Reading Section 06/01/2005     ER Ol1 1999 M2467 04/14/2014 04/14/2014 Books

Old man and the turnip (The) /

APA

(1999). Old man and the turnip (The). London: Award Pub.

Chicago

1999. Old man and the turnip (The). London: Award Pub.

Harvard

(1999). Old man and the turnip (The). London: Award Pub.

MLA

Old man and the turnip (The). London: Award Pub. 1999.

  • Place hold
  • Print
  • Cite
  • Add to your cart (remove)
  • Save record
    BIBTEX Dublin Core MARCXML MARC (non-Unicode/MARC-8) MARC (Unicode/UTF-8) MARC (Unicode/UTF-8, Standard) MODS (XML) RIS
  • More searches
    Search for this title in:
    Other Libraries (WorldCat) Other Databases (Google Scholar) Online Stores (Bookfinder.com) Open Library (openlibrary.org)

Exporting to Dublin Core...

SOUTHVILLE LIBRARY

Southville International School and Colleges Library

1281 Tropical Ave. Cor. Luxembourg St., BF Homes International, Las Pinas City

Tel. No. 8256374 / 252358 Loc. 117/146

Powered by Koha